000 00614cam a2200205 4500
001 J1579
008 090401t1993 xxu||||| |||| 00| 0 eng d
035 _a(Sirsi) u44307
041 _aeng
110 _aEurope
_bEuropean Communities Council
_92364
245 _aCouncil Regulation (EEC) No 259/93 of 1 February 1993 on the supervision and control of shipments of waste within, into and out of the European Community.
260 _c1993
300 _a(28)p. ; 30cm .
350 _a0
650 _aEC COMMUNITY
650 _aEC REGULATIONS
650 _aWASTE DISPOSAL
942 _n0
948 _c04/03/1997
999 _c91484
_d91484